000 00901nam a22002297a 4500
003 OSt
005 20181003070134.0
008 180220b xxu||||| |||| 00| 0 spa d
020 _a9505080611
040 _cPJ
100 _92096
_aFenochietto, Carlos Eduardo
245 1 0 _aCódigo Procesal Civil y Comercial de la Nación :
_bcomentado y concordado con el Código Procesal Civil y Comercial de la Provincia de Buenos Aires /
_cCarlos Eduardo Fenochietto, Roland Arazi.
250 _a2a. ed. act.
260 _aBuenos Aires :
_bAstrea,
_c1993.
300 _a3 v. ;
505 _aContenido: v. 1: Artículos 1 a 303. v. 2: Artículos 304 a 594. v. 3: Artículos 595 a 784.
650 0 _aCODIGO PROCESAL CIVIL Y COMERCIAL
_92447
650 0 _aOBRA DE REFERENCIA
_92443
700 _91980
_aArazi, Roland
710 _92448
_aArgentina. Códigos
942 _2udc
_cREF
_h347.9(094.4)
_iFEN
999 _c1612
_d1612